Grid and cloud computing (Record no. 26502)

000 -LEADER
fixed length control field 00347nam a2200133Ia 4500
008 - FIXED-LENGTH DATA ELEMENTS--GENERAL INFORMATION
fixed length control field 230413s9999||||xx |||||||||||||| ||und||
020 ## - INTERNATIONAL STANDARD BOOK NUMBER
International Standard Book Number 9789333211628
082 ## - DEWEY DECIMAL CLASSIFICATION NUMBER
Classification number 004.6782
Item number J21
100 ## - MAIN ENTRY--PERSONAL NAME
Personal name Jadhav, Bhushan & Jadhav, Sonali
245 #0 - TITLE STATEMENT
Title Grid and cloud computing
260 ## - PUBLICATION, DISTRIBUTION, ETC. (IMPRINT)
Place of publication, distribution, etc Pune
Name of publisher, distributor, etc Technical Publication
Date of publication, distribution, etc 2017
300 ## - PHYSICAL DESCRIPTION
Extent vp
942 ## - ADDED ENTRY ELEMENTS (KOHA)
Item type Books
Holdings
Withdrawn status Lost status Damaged status Not for loan Permanent location Current location Date acquired Source of acquisition Full call number Barcode Date last seen Koha item type
        IMU Kolkata IMU Kolkata 2023-04-13 Gifted by Shailendra S Kathait (6049) 004.6782 J21 G00767 2023-04-13 Books
Designed and Maintained by IMU-KC Library, Kolkata Campus © Copyright All Rights Reserved

webs counters

Powered by Koha